000 00397nam a22001217a 4500
999 _c9603
_d9603
003 OSt
008 201203b ||||| |||| 00| 0 eng d
245 _aIndian Journal of Engineering and Materials Sciences (IJEMS)
250 _a2014(Oct Vol.21 No.5, Dec Vol.21 No.6) 2015(Feb Vol.22 No.1, Apr Vol.22 No.2)
260 _aNew Delhi
_bCSIR-NISCAIR
650 _aMechanical Engineering
942 _2ddc
_cBV